000 00399nam a22001217a 4500
999 _c66774
_d66771
082 _aR/1EL16
100 _aAsad Khan Malokhani
_a16EL71
245 _aRenewable Power Integration Simulation Study To Investigate The Ability Of Integrating Wind And Solar Energies To The Grid
260 _aNawabshah
_bQUEST
_c2019
300 _a56P.
700 _aDepartment Of Electrical Engineering
942 _cTHESIS